| 000 | 00784cam a22002651 4500 | ||
|---|---|---|---|
| 999 |
_c4409 _d4409 |
||
| 001 | 8393064 | ||
| 003 | GBCCL | ||
| 005 | 20241126110518.0 | ||
| 008 | 760406s1955 nyu 000 0 eng | ||
| 010 | _a 55007567 | ||
| 035 | _a(OCoLC)2095640 | ||
| 040 |
_aDLC _cGDS _dPPLT _dDLC |
||
| 041 | 1 | _aengger | |
| 042 | _apremarc | ||
| 050 | 0 | 0 |
_aBS2585 _b.L57 |
| 082 |
_a226.3 _bLOH |
||
| 100 | 1 |
_aLohse, Eduard, _d1924- _98270 |
|
| 245 | 1 | 0 |
_aMark's witness to Jesus Christ. _c[Translated from the German by Stephen Neill] |
| 260 |
_aNew York, _bAssociation Press _c[1955] |
||
| 300 |
_a93 p. _c20 cm. |
||
| 490 | 0 | _aWorld Christian books | |
| 630 | 0 | 0 |
_aBible. _pMark _xCriticism, interpretation, etc. _98271 |
| 906 |
_a7 _bcbc _coclcrpl _du _encip _f19 _gy-gencatlg |
||
| 942 |
_2ddc _cBK _01 |
||